000 00445nam a2200181Ia 4500
001 12166
005 20260306162921.0
008 260306t2024||||xx |||||||||||||| ||spa||
041 _aESP
082 _aHR 340
_bFEB 2024 GC
110 _aGaceta Jurídica
245 0 _aGaceta constitucional & procesal constitucional
260 _c2024
300 _a280 páginas :
_c24 cm.
650 _aGEN
654 _aCDE
942 _cREV
_dJUS
_fJUS
_2ddc
_n
999 _c12166
_d12166